Nutrition in pediatrics : (Record no. 9261)

MARC details
000 -LEADER
fixed length control field 00822nam a22002412 4500
001 - CONTROL NUMBER
control field 0000020298
005 - DATE AND TIME OF LATEST TRANSACTION
control field 20151217152211.0
008 - FIXED-LENGTH DATA ELEMENTS--GENERAL INFORMATION
fixed length control field 110909s xx 000 0 eng d
020 ## - INTERNATIONAL STANDARD BOOK NUMBER
International Standard Book Number 1550093612 :
040 ## - CATALOGING SOURCE
Original cataloging agency KABU
Transcribing agency KABU
245 10 - TITLE STATEMENT
Title Nutrition in pediatrics :
Remainder of title basic science . clinical applications /
Statement of responsibility, etc. [edited by ] Christopher Duggan, John B.Watkins, W. Allan Walker.
250 ## - EDITION STATEMENT
Edition statement 4th ed.
260 ## - PUBLICATION, DISTRIBUTION, ETC. (IMPRINT)
Place of publication, distribution, etc. New York :
Name of publisher, distributor, etc. BC Decker,
Date of publication, distribution, etc. 2008.
300 ## - PHYSICAL DESCRIPTION
Extent xvii, 923 p.
650 #0 - SUBJECT ADDED ENTRY--TOPICAL TERM
Topical term or geographic name as entry element Diet theruphy for children.
-- 0000180445
650 #0 - SUBJECT ADDED ENTRY--TOPICAL TERM
Topical term or geographic name as entry element Children
General subdivision Nutrition.
-- 0000180446
700 1# - ADDED ENTRY--PERSONAL NAME
Personal name Duggan. Christopher.
-- 0000180447
700 1# - ADDED ENTRY--PERSONAL NAME
Personal name Watkins, John B.
-- 0000180448
700 1# - ADDED ENTRY--PERSONAL NAME
Personal name Walker, W. Allan.
-- 0000180449
852 1# - LOCATION
-- p11000 KES
908 ## - PUT COMMAND PARAMETER (RLIN)
Put command parameter 110909
950 ## - LOCAL HOLDINGS (RLIN)
-- 1
Holdings
Withdrawn status Lost status Source of classification or shelving scheme Not for loan Home library Current library Date acquired Total Checkouts Full call number Barcode Date last seen Price effective from Koha item type
    Library of Congress Classification   Kabarak, Main Campus Kabarak, Main Campus 17/12/2015   RJ53 .N88 2008 c. 1 21388 17/12/2015 17/12/2015 General Collection
Designed with assistance from East African Informatics Ltd